BIBLIOTHÈQUE DE LA MAISON DU MEXIQUE

Logo 1 Logo 2

Estructuras en contexto (notice nᵒ 11329)

détails MARC
000 -Sello discográfico
campo de control de longitud fija 00972nam a2200289 4500
005 - Identificación de versión
campo de control 20251209131700.0
010 ## - Número Estándar Internacional de Libros (ISBN)
Número (ISBN) 968-12-0953-2
035 ## - Otros números de control del sistema
Número de control del sistema 5888
099 ## - fechas locales
Tipo de ítem Koha LIBRO
100 ## - Datos de procesamiento general
Datos de procesamiento general 20040503d2000 m y1spay5003 ba
101 1# - Idioma del recurso
Idioma del texto, banda sonora, etc. Español; Castellano
105 ## - Campo de datos codificados: Material textual, monográfico
Datos codificados de monografía a 001zy
200 1# - Título y mención de responsabilidad
Título propio Estructuras en contexto
Designación general del material texto impreso
Otra información del título estudios de variación lingüística
Primer mención de responsabilidad Edición Pedro Martín Butragueño
205 ## - Declaración de edición
Declaración de edición 1a ed
210 ## - Publicación, distribución, etc.
Lugar de publicación, distribución, etc. México
Nombre del editor, distribuidor, etc. El Colegio de México, Centro de Estudios Lingüísticos y Literarios
Fecha de publicación, distribución, etc. 2000
215 ## - Descripción física
Designación de material específico y extensión del ítem 170 p
Otras características físicas gráficas
Dimensiones 22 cm
345 ## - Nota de información de adquisición
Fuente de adquisición/dirección de la suscripción [OBSOLETO] Donación
410 #1 - Series
Título Serie Estudios del Lenguaje
Número de volumen 3
606 ## - Término temático usado como materia
Elemento de entrada Sociolingüística
Número Koha 7585
606 ## - Término temático usado como materia
Elemento de entrada Lenguaje y lenguas
Subdivisión temática Variación
Número Koha 19491
702 ## - Nombre personal - Responsabilidad secundaria
Elemento de entrada Martín Butragueño
Parte del nombre distinta del elemento de entrada Pedro
Fechas 1965-
Número Koha 9917
801 #0 - Fuente de origen
País FR
Agencia cm
Reglas de catalogación (convenciones descriptivas) AFNOR
856 ## - Localización electrónica y acceso
Identificador Uniforme de Recurso https://repositorio.colmex.mx/concern/books/c247ds737
942 ## - ELEMENTOS DE ENTRADA SECUNDARIOS (KOHA)
Tipo de ítem Koha Livre
Exemplaires
Estatus retirado Estado de daño Estado de pérdida Fuente de la clasificación o esquema de estantería Fecha de adquisición Biblioteca de origen Biblioteca actual Código de barras Precio de reemplazo Signatura topográfica completa No para préstamo Tipo de ítem Koha Nota pública Nota no pública
      Clasificación Decimal Dewey 05/08/2025 Casa México Paris Casa México Paris 007864 05/08/2025 401 E82   Livre 20230516LIV 751145101